000
00326nam a2200145Ia 4500
005
20251222152047.0
008
251222s9999||||xx |||||||||||||| ||spa||
020
_a
8432922229
082
_a
631.8/L18
100
_a
Lalatta, Filippo
245
0
_a
Uso de Pulverizadores
250
_a
1ra.ed.
264
_b
CEAC
942
_c
LIB
999
_c
26259
_d
26259